• 首页
  • 本馆介绍
  • 公告通知
  • 最新文献
  • 馆藏检索
  • 电子资源
  • 读者导购
  • 参考咨询
  • 我的图书馆
  • 登录
  • 详细信息显示
  • 放入我的书架
  • 预约/预借图书
  • 作者相关作品
  • 分类相关作品
  • 丛书相关作品
  • 出版社相关作品

书目信息

  • 表格格式
  • 工作单格式
  • 卡片格式
题名:
战争狂人和大独裁者
    
 
作者: 成真 编写
分册:  
出版信息: 北京   商务印书馆  1993.10
页数: 245页
开本: 19cm
丛书名: 外国历史小丛书
单 册:
中图分类: K812.5
科图分类: 26.115
主题词: 历史人物--生平事迹--外国--现代 , 历史人物
电子资源:
ISBN: 7-100-01327-5
000 00907oam2 2200289 450
001 0194000660
005 20100713011616.0
010    @a7-100-01327-5@dCNY4.30
011    @a7-100-01327-5
100    @a19931116d1993 em y0chiy0110 ea
101 0  @achi
102    @aCN@b110000
105    @af z 000zc
106    @ar
200 1  @a战争狂人和大独裁者@9Zhan Zheng Kuang Ren He;Huo;Hu Da;Dai Du Cai Zhe @e合订本@f成 真等编写
210    @a北京@c商务印书馆@d1993.10
215    @a245页@c照片@d19cm
225 2  @a外国历史小丛书@f陈翰笙主编
330    @a收录了5个外国历史反面人物的小传,包括:希特勒、东条英机、墨索里尼、山本五十六和索摩查。
461  0 @12001 @a外国历史小丛书
606 0  @a历史人物@x生平事迹@y外国@z现代
606 0  @a历史人物
690    @aK812.5@v三版
692    @a26.115
701  0 @a成真@9cheng zhen@4编写
801  0 @aCN@b91MARC@c20130904
905    @aBZT@dK812.5@e76@f1@sK812.5/76
    
    战争狂人和大独裁者:合订本/成 真等编写.-北京:商务印书馆,1993.10
    245页:照片;19cm.-(外国历史小丛书/陈翰笙主编)
    
    
    ISBN 7-100-01327-5:CNY4.30
    收录了5个外国历史反面人物的小传,包括:希特勒、东条英机、墨索里尼、山本五十六和索摩查。
●
相关链接 在五车中查询图书 在当当中查询图书 在豆瓣中查询图书


正题名:战争狂人和大独裁者     索取号:K812.5/76         预约/预借

序号 登录号 条形码 馆藏地/架位号 状态 备注
1 2000148028   2000148028   旧书回溯/ [索取号:K812.5/76] 在馆    
山东省滨州职业学院图书馆 欢迎您!
大连网信软件有限公司© 版权所有